Statystyki dla Grupy geograficzne - czwórki #2

Kliknij tutaj aby rozwiązać quiz!

Ogólne statystyki

  • Ten quiz został rozwiązany 4 496 razy
  • Średni wynik to 27 z 48

Statystyki odpowiedzi

GrupaOdpowiedź% Poprawnych
Stolice krajów Zjednoczonego KrólewstwaLondyn
95%
Państwa w większości niemieckojęzyczneNiemcy
93%
Państwa w większości niemieckojęzyczneAustria
90%
Morza, nad którymi leży TurcjaCzarne
90%
Państwa w większości niemieckojęzyczneSzwajcaria
88%
Kraje wyspiarskie EuropyMalta
85%
Morza, nad którymi leży TurcjaŚródziemne
85%
Morza, nad którymi leży najwięcej państwŚródziemne
85%
Kraje wyspiarskie EuropyWielka Brytania
84%
Kraje wyspiarskie EuropyIslandia
83%
Państwa w większości niemieckojęzyczneLiechtenstein
82%
Państwa na literę HHonduras
81%
Kraje wyspiarskie EuropyIrlandia
80%
Państwa na literę HHolandia
79%
Stolice, przez które przepływa DunajBudapeszt
75%
Miasta na prawie powiatu w WielkopolscePoznań
74%
Stolice krajów Zjednoczonego KrólewstwaEdynburg
73%
Stolice, przez które przepływa DunajWiedeń
72%
Państwa na literę HHaiti
70%
Słynne religie pochodzące z IndiiBuddyzm
68%
Stolice, przez które przepływa DunajBratysława
65%
Słynne religie pochodzące z IndiiHinduizm
64%
Morza, nad którymi leży najwięcej państwBałtyckie
62%
Doliny rzeczne z cywilizacjami w 3000 r. p.n.e.Tygrys / Eufrat
62%
Doliny rzeczne z cywilizacjami w 3000 r. p.n.e.Nil
61%
Państwa na literę HHiszpania
59%
Stolice krajów Zjednoczonego KrólewstwaCardiff
57%
Stolice krajów Zjednoczonego KrólewstwaBelfast
55%
Morza, nad którymi leży TurcjaEgejskie
55%
Stolice, przez które przepływa DunajBelgrad
46%
"Nowe" stany USANowy Jork
46%
"Nowe" stany USANowy Meksyk
46%
Morza, nad którymi leży najwięcej państwKaraibskie
40%
Miasta na prawie powiatu w WielkopolsceKalisz
36%
Miasta na prawie powiatu w WielkopolsceKonin
34%
"Nowe" stany USANew Jersey
31%
"Nowe" stany USANew Hampshire
28%
Doliny rzeczne z cywilizacjami w 3000 r. p.n.e.Huang He
26%
Miasta na prawie powiatu w WielkopolsceLeszno
26%
Morza, nad którymi leży TurcjaMarmara
25%
Doliny rzeczne z cywilizacjami w 3000 r. p.n.e.Indus
21%
Prowincje Kanady nad AtlantykiemNowa Szkocja
16%
Prowincje Kanady nad AtlantykiemNowa Fundlandia i Labrador
15%
Morza, nad którymi leży najwięcej państwPołudniowochińskie
15%
Prowincje Kanady nad AtlantykiemNowy Brunszwik
9%
Słynne religie pochodzące z IndiiSikhizm
9%
Prowincje Kanady nad AtlantykiemWyspa Księcia Edwarda
8%
Słynne religie pochodzące z IndiiDźinizm
4%

Rozkład punktacji

Percentyl według liczby udzielonych odpowiedzi

Procent ludzi z każdym wynikiem

Twoja historia wyników

Nie rozwiązałeś tego quizu